| 000 | 00538nam a2200181Ia 4500 | ||
|---|---|---|---|
| 999 |
_c36241 _d36241 |
||
| 003 | OSt | ||
| 005 | 20201027113033.0 | ||
| 008 | 190216s9999||||xx |||||||||||||| ||und|| | ||
| 020 | _a0706998235 | ||
| 040 | _coclc | ||
| 082 |
_a954.04 _bCOL/F |
||
| 100 | 1 |
_aCollins, Larry _9135 |
|
| 245 | 0 |
_aFreedom At Midnight / _cLarry Collins ; Dominique Lapierre |
|
| 260 |
_bVikas Publishing House, _c1997. _aNew Delhi: |
||
| 300 | _a500p | ||
| 650 | _aGeneral Libraries | ||
| 942 |
_cREF _2ddc _h954.04 _iCOL/F _k954.04 _mCOL/F |
||